000 00630nam a22002177a 4500
003 DO-SdBNP
005 20171130101856.0
008 171120b 1988 |||| 00| 0 spa d
020 _a9802222194
040 _aBPMSU
_bspa
_cBPMSU
082 _axxxxxxx
_bxxxxxxx
100 1 _aSantaella, Juan Carlos
245 1 3 _aLa lampara encendida :
_bensayos /
_c1988.
260 _aCaracas :
_bAcademia Nacional de la Historia,
_c1988.
300 _a155 p. ;
_c20 cm.
490 1 _aEl libro menor
_v126
830 0 _aEl libro menor
_n126
942 _2ddc
_cBK
945 _aInventariado extranjero /2017 BT
956 _aBTAVAREZ
_b10
_c20171120
_d0038
999 _c12958
_d12958